Click all the cities of the UK (hard) - Statistics

General Stats
  • This quiz has been taken 105 times
  • The average score is 8 of 19
Answers on the Grid
Answers color-coded by a green-red scale on the quiz's grid according to % correct below.
Salisbury
Plymouth
Southampton
Southbourne
Belfast
Brisbane
Wellington
Perth
Lincoln
Dover
Richmond
Harlingen
Waterford
Gainslow
Dundee
Derby
Newry
Newcastle
Pittsburg
Conakry
Coventry
Queenstown
Calgary
Canberra
Cardiff
Cambridge
Wolverhampton
Wolfsburg
Newport
Newhaven
Ipswich
Brunswick
Norwich
York
Cork
Tilburg
 
Answer Stats
Answer % Correct
Newcastle
64%
Coventry
61%
Southampton
59%
Cardiff
58%
York
58%
Belfast
56%
Plymouth
53%
Dundee
52%
Norwich
50%
Ipswich
48%
Wolverhampton
48%
Cambridge
45%
Derby
39%
Lincoln
39%
Dover
36%
Newport
27%
Newry
19%
Perth
17%
Wellington
3%
No matching quizzes found
Score Distribution
Percent of People with Each Score
Percentile by Number Answered
Your Score History
You have not taken this quiz